000 00562nam a2200205 i 4500
001 bg
100 1 _aŻURAWIECKI, Jerzy
245 1 0 _aNieliniowe funkcje cykliczne /
_cJerzy Żurawiecki ; Politechnika Lubelska.
260 _aLublin :
_bWydawnictwa Uczelniane PL,
_c1999.
300 _a169 s. :
_brys.,wykr. ;
_c24 cm.
504 _aBibliogr. s.153-159.
650 9 _aFunkcje
_xteoria
020 _a8387270199
040 _cBPK
041 0 _apl
080 _a517.5
920 _a83-87270-19-9
942 _cKS
008 s pl f |000 0 pol
999 _c34606
_d34606
856 _uhttp://koha.tu.koszalin.pl/cgi-bin/koha/opac-detail.pl?biblionumber=34606
_yKatalog online BPK